| 000 | 00405nam a22001217a 4500 | ||
|---|---|---|---|
| 999 |
_c5536 _d5536 |
||
| 008 | 250926b ||||| |||| 00| 0 eng d | ||
| 020 | _a9781627796507 | ||
| 082 | _a813.6 PIL | ||
| 100 |
_aPILUTTI,DEB _eAUTHOR _lENGLISH |
||
| 245 | _aTEN STEPS TO FLYING LIKE A SUPERHERO | ||
| 260 |
_a120 BROADWAY,NEW YORK,NY 10271 _bHENRY HOLT IS A REGISTERED TRADEMARK OF MACMILLAN PUBLISHING GROUP,LLC _c2020 |
||
| 942 | _2ddc | ||